University Home | Library Home | Institutional Repository

The curse of the sacred cow / (Record no. 104298)

MARC details
000 -LEADER
fixed length control field 00451cam6a220015700 4500
005 - DATE AND TIME OF LATEST TRANSACTION
control field 20190819105129.0
008 - FIXED-LENGTH DATA ELEMENTS--GENERAL INFORMATION
fixed length control field 970210
020 ## - INTERNATIONAL STANDARD BOOK NUMBER
International Standard Book Number 997002034X
035 ## - SYSTEM CONTROL NUMBER
System control number (Sirsi) a151167
050 #0 - LIBRARY OF CONGRESS CALL NUMBER
Classification number PN1980
Item number Oku 1994
100 1# - MAIN ENTRY--PERSONAL NAME
Personal name Okurut, Mary Karooro
Linkage A103708.1
245 10 - TITLE STATEMENT
Title The curse of the sacred cow /
Statement of responsibility, etc. Mary Karooro Okurut.
260 ## - PUBLICATION, DISTRIBUTION, ETC.
Place of publication, distribution, etc. Kampala :
Name of publisher, distributor, etc. Fountain Publishers,
Date of publication, distribution, etc. 1980.
350 ## - PRICE (NR) (BK AM CF MU VM SE) [OBSOLETE]
Price 25
650 #0 - SUBJECT ADDED ENTRY--TOPICAL TERM
Topical term or geographic name entry element Drama
Linkage S902.1

No items available.

© 2026 - The University of Zambia Library - Koha v25.11